Agriulture At A Glance (Record no. 198)
[ view plain ]
| 000 -LEADER | |
|---|---|
| fixed length control field | 00359nam a22001577a 4500 |
| 020 ## - INTERNATIONAL STANDARD BOOK NUMBER | |
| International Standard Book Number | 978-9354617270 |
| 041 ## - LANGUAGE CODE | |
| Language code of text/sound track or separate title | ENG |
| 100 ## - MAIN ENTRY--PERSONAL NAME | |
| Personal name | Sharma.R,K |
| 245 ## - TITLE STATEMENT | |
| Title | Agriulture At A Glance |
| 250 ## - EDITION STATEMENT | |
| Edition statement | 21 th |
| 260 ## - PUBLICATION, DISTRIBUTION, ETC. (IMPRINT) | |
| Place of publication, distribution, etc | New delhi |
| Name of publisher, distributor, etc | Astral Cracker |
| Date of publication, distribution, etc | 2020 |
| 300 ## - PHYSICAL DESCRIPTION | |
| Extent | 677 |
| 650 ## - SUBJECT ADDED ENTRY--TOPICAL TERM | |
| Topical term or geographic name as entry element | Banking |
| 700 ## - ADDED ENTRY--PERSONAL NAME | |
| Personal name | Bhoi S.K , Pandey N |
| 856 ## - ELECTRONIC LOCATION AND ACCESS | |
| Uniform Resource Identifier | Competitive Exam |
| Withdrawn status | Lost status | Source of classification or shelving scheme | Damaged status | Not for loan | Home library | Current library | Date acquired | Cost, normal purchase price | Total Checkouts | Barcode | Date last seen | Date checked out | Price effective from | Koha item type |
|---|---|---|---|---|---|---|---|---|---|---|---|---|---|---|
| Dewey Decimal Classification | College of Agricultural Engineering and Technology, Dapoli , Library | College of Agricultural Engineering and Technology, Dapoli , Library | 20/01/2021 | 470.00 | 4 | 007794 | 17/01/2025 | 23/12/2024 | 20/01/2021 | Books | ||||
| Dewey Decimal Classification | College of Agricultural Engineering and Technology, Dapoli , Library | College of Agricultural Engineering and Technology, Dapoli , Library | 20/01/2021 | 470.00 | 10 | 007795 | 11/02/2025 | 14/01/2025 | 20/01/2021 | Books |